00830nam a2200193 a 450000100100000000500170001000800410002704000250006808200150009310000340010824500720014226000470021430000210026150000710028270000390035395201130039295201140050599900170061900004550720201002052304.0150410s2006 dr 000 p spa d aDO-SdBNPbspacBNPHU axxxxbxxxx1 aBerroa, Robert,d1955-92052510aEspasmos prohibidos /cRobert Berroa ; prólogo Víctor Villegas. aSanto Domingo :bGráfica Willian,c2006. a108 p. ;c21 cm. aIncluye datos biográficos del autor en la solapa de la cubierta.12aVillegas, Víctor,epról.97744 0010718PDaPDbPDcCTd2015-04-10iLF1l0oxxxx xxxxp45507-10r2020-06-25w2020-06-25yLFPDZNo se presta 00107-18PDaPDbPDcOId2015-04-10iLF1l0oxxxx xxxxp45507-20r2020-06-25w2020-06-25yLFPDZNo se presta c44996d44996